| 000 | 00578nam a2200193Ia 4500 | ||
|---|---|---|---|
| 008 | 131103s9999 xx 000 0 und d | ||
| 020 |
_a8170070643 _cRs.12 |
||
| 040 | _aLoreto College | ||
| 041 | _aEnglish | ||
| 082 |
_a954/THA _bLCLIB/41,255 |
||
| 100 | _aThapar,Romila | ||
| 245 |
_aCommunalism and the writing of Indian History _cRomila Thapar,Harbans Mukhia and Bipan Chandra |
||
| 260 |
_aNew Delhi _bPeople's Publishing House _c1969 |
||
| 300 |
_av,61 p. _c 11 cm. |
||
| 650 | _aAncient Indian History | ||
| 700 | _aMukhia,Harbans | ||
| 850 | _aLCLIB | ||
| 942 | _cBK | ||
| 999 |
_c8929 _d59408 |
||